MARC

LEADER 00000nam a2200000Ia 4500
001 21634
008 160829s2005 xx 000 0 cat d
080 |a M-6-209 
245 |a Balance y perspectivas de la cooperación descentralizada entre gobiernos locales euromediterráneos :  |b  documento base 
260 |a Barcelona :  |b Diputació de Barcelona. Direcció de Serveis de Relacions Internacionals,  |c 2005 
300 |a 82 p. , gràf. ;  |c 30 cm 
590 |a Bibliografia.  
590 |a Hi ha un exemplar en anglès amb R. 21661 i un altre en francès amb R. 21662 
650 |a Comunitat Econòmica Europea, Països de la  |x Relacions   |9 28434 
650 |a Cooperació mediterrània  |9 19735 
651 0 |a Mediterrània, Regió  |9 51010 
710 |a Barcelona (Catalunya : Província).  |b Direcció de Serveis de Relacions Internacionals  |9 53455 
901 |a Arxiu 
942 |n 1 
952 |0 0  |1 0  |4 0  |6 M6209  |7 1  |9 52553  |a Arxiu  |b Arxiu  |d 2016-12-01  |l 0  |o M-6-209  |p 21634  |r 2016-12-01 00:00:00  |w 2016-12-01  |y ARXIU 
999 |c 56402  |d 56402